000 00474nam a2200181Ia 4500
008 240925s9999 xx 000 0 und d
020 _aNA
082 _a297.63 BAD
100 _aBadawi ,Jamal A.
245 0 _aMuhammad's Prophethood: an analytical view
250 _aNA
260 _aRiyadh:
_bWorld Assembly of Muslim Youth
_c,1990.
300 _a25p.
_bNA
_fOriginal
500 _aNA
600 _aHumanities & Natural Science
650 _aReligion
942 _cBK
999 _c6823
_d6823